=LDR 00000nam 2200000 4500 =001 INLIS000000000061366 =005 20221011100647 =035 ##$$a 0010-1022000107 =007 ta =008 221011###########################0###### =082 ##$$a 614.532 =084 ##$$a 614.532 NUR b =100 #$$a Nurwahidah =245 1#$$a Booklet penatalaksanaan malaria / Nurwahidah =260 ##$$a Mataram :$b Poltekkes Kemenkes Mataram,$c 2021 =300 ##$$a iii, 12 halaman ; $c 20 cm =650 #4$$a Malaria-Pencegahan